Statistics for Picture to a country medium 2

Click here to take the quiz!

General Stats

  • This quiz has been taken 11 times
  • The average score is 12 of 26

Answer Stats

Answer% Correct
United states of america
100%
Italy
91%
Russia
91%
Canada
73%
China
73%
Saudi Arabia
73%
Spain
73%
United kingdom
73%
France
64%
Iceland
64%
India
64%
Japan
55%
United arab emirates
55%
Indonesia
45%
Kenya
36%
South africa
36%
Algeria
27%
Pakistan
27%
Denmark
18%
Fiji
18%
Netherlands
18%
Slovenia
18%
Albania
9%
Saint Lucia
9%
San Marino
9%
Sao tome and principe
9%

Score Distribution

Percentile by Number Answered

Percent of People with Each Score

Your Score History

You have not taken this quiz